Characters in the musical "Rent" - Statistics

General Stats
  • This quiz has been taken 468 times
  • The average score is 7 of 8
Answer Stats
Hint Answer % Correct
Drumming drag queen Angel Dumott Schunard
99%
Works at the Cat Scratch Club Mimi Marquez
98%
Camera man Mark Cohen
95%
Performance artist Maureen Johnson
94%
Guitar player Roger Davis
94%
Former roommate; current landlord demanding rent Benjamin Coffin III
86%
Anarchist; former MIT professor of Philosophy Tom Collins
86%
Lawyer; girlfriend of performance artist Joanne Jefferson
84%
No matching quizzes found
Score Distribution
Percent of People with Each Score
Percentile by Number Answered
Your Score History
You have not taken this quiz